| 000 | 00696nam a2200229Ia 4500 | ||
|---|---|---|---|
| 005 | 20220707142659.0 | ||
| 008 | 210716s2008 xx 000 0 und d | ||
| 020 | _a9780195695243 | ||
| 040 | _cAIMIT LIBRARY | ||
| 041 | _aeng | ||
| 082 |
_a338.04 _21 _bROYR |
||
| 100 |
_aRoy, Rajeev. _947539 |
||
| 245 |
_aEntrepreneurship / _cBy Rajeev Roy |
||
| 250 | _a1st ed. | ||
| 260 |
_bOxford University Press : _c2008. _aNew Delhi , |
||
| 300 |
_axii, 592p. _bPB : _c24 cm. |
||
| 650 |
_aEntrepreneurship _947540 |
||
| 650 |
_aMobilizing Resources _947541 |
||
| 650 |
_aOperations and Management _947542 |
||
| 650 |
_aGrowth and Social Responsibility _947543 |
||
| 942 |
_2ddc _cBK _e1st _k338.04 ROYR |
||
| 999 |
_c202524 _d202524 |
||